000 00802nam a2200253Ia 4500
003 OSt
005 20220923225328.0
006 a|||||r|||| 00| 0
007 ta
008 220922b |||||||| |||| 00| 0 hin d
024 _a263,485
037 _cTextual
040 _aARTS
_cARTS
_bhin
041 _2hin
_ahin
082 _aV20r3'N5, 152M4
100 _aराय, सत्या
245 0 _aभारत में उपनिवेशवाद
246 _aBhārat mean upaniveshavāda
260 _aदिल्ली
_b दिल्ली विश्वविद्यालय
_c1984
300 _a237पृ.
_ccm.
650 _aविश्व-इतिहास
942 _hV20r3'N5, 152M4
_cTEXL
_2CC
999 _c377576
_d377576